| 000 | 01005nam a2200265Ia 4500 | ||
|---|---|---|---|
| 001 | ebr5000526 | ||
| 003 | CaPaEBR | ||
| 006 | m u | ||
| 007 | cr cn||||||||| | ||
| 008 | 010521s2001 vau s 000 p eng d | ||
| 020 | _z0585050457 | ||
| 040 |
_aCaPaEBR _cCaPaEBR |
||
| 035 | _a(OCoLC)680629100 | ||
| 050 | 1 | 4 |
_aPR4359 _b.A3 2001eb |
| 100 | 1 |
_aByron, George Gordon Byron, _cBaron, _d1788-1824. |
|
| 245 | 1 | 0 |
_aDon Juan _h[electronic resource] / _cby George Byron. |
| 260 |
_aBlacksburg, VA : _bVirginia Tech, _c2001. |
||
| 300 | _a307 p. | ||
| 533 |
_aElectronic reproduction. _bPalo Alto, Calif. : _cebrary, _d2010. _nAvailable via World Wide Web. _nAccess may be limited to ebrary affiliated libraries. |
||
| 650 | 0 |
_aDon Juan (Legendary character) _vPoetry. |
|
| 650 | 0 | _aEnglish poetry. | |
| 655 | 7 |
_aElectronic books. _2local |
|
| 710 | 2 | _aebrary, Inc. | |
| 856 | 4 | 0 |
_uhttp://site.ebrary.com/lib/rucke/Doc?id=5000526 _zAn electronic book accessible through the World Wide Web; click to view |
| 999 |
_c2860 _d2860 |
||